| 000 | 00726nam a2200205Ii 4500 | ||
|---|---|---|---|
| 003 | JO-AjNU | ||
| 008 | 230605s9999||||xx |||||||||||||| ||und|| | ||
| 040 |
_aJO-AjNU _bara _erda _cJO-AjNU |
||
| 041 | _aara | ||
| 050 | 1 | 4 | _aKMM108.9.1998 |
| 100 | 3 |
_a العبيدي، عباس مرزوك فليح, _eauthor _947114 |
|
| 245 | 0 | 0 | _aالإكتتاب في رأس مال الشركة المساهمة " دراسة قانونية وعملية " |
| 250 | _a(د،ط) | ||
| 264 | 3 | 1 | _aعمان : دار الثقافة ، 1998 |
| 300 | _a272ص | ||
| 336 |
_atext _btxt _2rdacontent |
||
| 337 |
_aunmediated _bn _2rdamedia |
||
| 338 |
_avolume _bnc _2rdacarrier |
||
| 650 | 4 |
_aالشركات -- قوانين -- الاردن _947115 |
|
| 999 |
_aA20544 _c24112 _d24112 |
||